[Event "World Cup 2023"]
[Site "Baku, Azerbaijan"]
[Date "2023.08.02"]
[Round "11.14"]
[White "Fedoseev Vladimir (SLO)"]
[Black "Pechac Jergus (SVK)"]
[Result "1/2-1/2"]
[WhiteFideId "24130737"]
[BlackFideId "14926970"]
[WhiteElo "2676"]
[BlackElo "2608"]

1. c4 {[%clk 01:30:08]} {[%emt 00:00:51]} c5 {[%clk 01:29:18]} {[%emt
00:01:42]} 2. g3 {[%clk 01:28:35]} {[%emt 00:02:03]} Nc6 {[%clk 01:28:26]}
{[%emt 00:01:23]} 3. Bg2 {[%clk 01:28:46]} {[%emt 00:00:19]} e6 {[%clk
01:28:22]} {[%emt 00:00:34]} 4. Nf3 {[%clk 01:28:33]} {[%emt 00:00:42]} d5
{[%clk 01:28:33]} {[%emt 00:00:19]} 5. cxd5 {[%clk 01:28:43]} {[%emt 00:00:20]}
exd5 {[%clk 01:28:58]} {[%emt 00:00:05]} 6. d4 {[%clk 01:29:04]} {[%emt
00:00:10]} Nf6 {[%clk 01:29:05]} {[%emt 00:00:22]} 7. Nc3 {[%clk 01:29:18]}
{[%emt 00:00:17]} Be7 {[%clk 01:28:59]} {[%emt 00:00:35]} 8. O-O {[%clk
01:24:08]} {[%emt 00:05:40]} O-O {[%clk 01:29:23]} {[%emt 00:00:06]} 9. dxc5
{[%clk 01:24:30]} {[%emt 00:00:09]} Bxc5 {[%clk 01:29:44]} {[%emt 00:00:08]} 10.
Na4 {[%clk 01:24:44]} {[%emt 00:00:17]} Be7 {[%clk 01:29:04]} {[%emt 00:01:09]}
11. Nd4 {[%clk 01:22:06]} {[%emt 00:03:09]} h5 {[%clk 01:28:05]} {[%emt
00:01:29]} 12. Bf4 {[%clk 01:14:29]} {[%emt 00:08:07]} h4 {[%clk 01:25:18]}
{[%emt 00:03:16]} 13. Rc1 {[%clk 01:11:59]} {[%emt 00:03:01]} h3 {[%clk
01:25:37]} {[%emt 00:00:10]} 14. Bf3 {[%clk 01:09:46]} {[%emt 00:02:43]} Bd7
{[%clk 01:23:15]} {[%emt 00:02:52]} 15. Nc3 {[%clk 00:58:25]} {[%emt 00:11:52]}
Qb6 {[%clk 01:13:34]} {[%emt 00:10:11]} 16. Be3 {[%clk 00:51:09]} {[%emt
01:07:58]} Qxb2 {[%clk 01:10:34]} {[%emt 00:03:29]} 17. Nxd5 {[%clk 00:48:36]}
{[%emt 00:03:03]} Nxd5 {[%clk 01:09:56]} {[%emt 00:01:07]} 18. Bxd5 {[%clk
00:49:00]} {[%emt 00:00:07]} Rad8 {[%clk 01:00:35]} {[%emt 00:09:48]} 19. Rb1
{[%clk 00:40:29]} {[%emt 00:09:03]} Qa3 {[%clk 01:00:59]} {[%emt 00:00:06]} 20.
Rxb7 {[%clk 00:31:28]} {[%emt 00:09:32]} Nxd4 {[%clk 01:00:51]} {[%emt
00:00:38]} 21. Qxd4 {[%clk 00:30:01]} {[%emt 00:01:57]} Be6 {[%clk 00:48:34]}
{[%emt 00:12:45]} 22. Bc1 {[%clk 00:25:19]} {[%emt 00:05:13]} Rxd5 {[%clk
00:37:12]} {[%emt 00:11:52]} 23. Bxa3 {[%clk 00:25:17]} {[%emt 00:00:32]} Rxd4
{[%clk 00:37:37]} {[%emt 00:00:06]} 24. Bxe7 {[%clk 00:25:16]} {[%emt
00:00:31]} Re8 {[%clk 00:34:59]} {[%emt 00:03:08]} 25. Rxa7 {[%clk 00:21:24]}
{[%emt 00:04:22]} Rd7 {[%clk 00:34:17]} {[%emt 00:01:11]} 26. Bc5 {[%clk
00:20:58]} {[%emt 00:00:56]} Rxa7 {[%clk 00:34:41]} {[%emt 00:00:07]} 27. Bxa7
{[%clk 00:21:27]} {[%emt 00:00:01]} Ra8 {[%clk 00:35:01]} {[%emt 00:00:10]} 28.
Bd4 {[%clk 00:21:20]} {[%emt 00:00:36]} Rxa2 {[%clk 00:35:24]} {[%emt
00:00:07]} 29. Re1 {[%clk 00:21:45]} {[%emt 00:00:05]} Bb3 {[%clk 00:30:08]}
{[%emt 00:05:47]} 30. f3 {[%clk 00:21:06]} {[%emt 00:01:09]} Rd2 {[%clk
00:30:29]} {[%emt 00:00:08]} 31. Bc3 {[%clk 00:21:32]} {[%emt 00:00:05]} Rd1
{[%clk 00:30:37]} {[%emt 00:00:22]} 32. g4 {[%clk 00:21:54]} {[%emt 00:00:08]}
Rxe1+ {[%clk 00:29:24]} {[%emt 00:01:43]} 33. Bxe1 {[%clk 00:22:21]} {[%emt
00:00:02]} g6 {[%clk 00:28:59]} {[%emt 00:00:55]} 34. Kf2 {[%clk 00:20:03]}
{[%emt 00:02:48]} f5 {[%clk 00:29:00]} {[%emt 00:00:29]} 35. Kg3 {[%clk
00:19:06]} {[%emt 00:01:27]} Bc4 {[%clk 00:29:10]} {[%emt 00:00:21]} 36. e3
{[%clk 00:19:35]} Be2 {[%clk 00:28:52]} {[%emt 00:00:47]} 37. Kf4 {[%clk
00:17:56]} {[%emt 00:02:10]} Kf7 {[%clk 00:29:13]} {[%emt 00:00:08]} 38. e4
{[%clk 00:15:39]} {[%emt 00:02:47]} fxe4 {[%clk 00:29:37]} {[%emt 00:00:07]} 39.
Kxe4 {[%clk 00:16:05]} {[%emt 00:00:04]} g5 {[%clk 00:29:21]} {[%emt 00:00:45]}
40. Ke3 {[%clk 00:15:39]} {[%emt 00:00:56]} Bf1 {[%clk 00:29:40]} {[%emt
00:00:11]} 41. Kf2 {[%clk 00:16:05]} {[%emt 00:00:05]} Bg2 {[%clk 00:29:56]}
{[%emt 00:00:13]} 42. Kg3 {[%clk 00:16:31]} {[%emt 00:00:05]} Kg6 {[%clk
00:30:20]} {[%emt 00:00:05]} 43. Bd2 {[%clk 00:16:29]} {[%emt 00:00:32]} Bf1
{[%clk 00:30:44]} {[%emt 00:00:06]} 44. Kf2 {[%clk 00:16:51]} {[%emt 00:00:08]}
Bg2 {[%clk 00:31:06]} {[%emt 00:00:08]} 45. Bc1 {[%clk 00:17:11]} {[%emt
00:00:11]} Bh1 {[%clk 00:31:21]} {[%emt 00:00:14]} 46. Kg3 {[%clk 00:17:32]}
{[%emt 00:00:09]} Bg2 {[%clk 00:31:43]} {[%emt 00:00:08]} 47. Kf2 {[%clk
00:17:50]} {[%emt 00:00:12]} Bh1 {[%clk 00:32:04]} {[%emt 00:00:08]} 48. Ba3
{[%clk 00:18:17]} {[%emt 00:00:04]} Bg2 {[%clk 00:32:26]} {[%emt 00:00:08]} 49.
Be7 {[%clk 00:18:43]} {[%emt 00:00:04]} Bh1 {[%clk 00:32:47]} {[%emt 00:00:09]}
50. Bd6 {[%clk 00:19:10]} {[%emt 00:00:03]} Bg2 {[%clk 00:33:09]} {[%emt
00:00:08]} 51. Bc7 {[%clk 00:19:37]} {[%emt 00:00:04]} Bh1 {[%clk 00:33:30]}
{[%emt 00:00:09]} 52. Kg3 {[%clk 00:20:03]} {[%emt 00:00:05]} Bg2 {[%clk
00:33:55]} {[%emt 00:00:05]} 53. Ba5 {[%clk 00:20:27]} {[%emt 00:00:06]} Bf1
{[%clk 00:34:14]} {[%emt 00:00:10]} 54. Bb6 {[%clk 00:20:54]} {[%emt 00:00:04]}
Bg2 {[%clk 00:34:32]} {[%emt 00:00:12]} 1/2-1/2

[Event "World Cup 2023"]
[Site "Baku, Azerbaijan"]
[Date "2023.08.02"]
[Round "11.15"]
[White "De Silva L M S T (CAN)"]
[Black "Wojtaszek Radoslaw (POL)"]
[Result "1/2-1/2"]
[WhiteFideId "9953698"]
[BlackFideId "1118358"]
[WhiteElo "2433"]
[BlackElo "2676"]

1. e4 {[%clk 01:30:55]} {[%emt 00:00:04]} c5 {[%clk 01:30:49]} {[%emt
00:00:11]} 2. Nf3 {[%clk 01:31:16]} {[%emt 00:00:08]} d6 {[%clk 01:31:15]}
{[%emt 00:00:04]} 3. Bb5+ {[%clk 01:31:09]} {[%emt 00:00:37]} Nd7 {[%clk
01:31:12]} {[%emt 00:00:33]} 4. d4 {[%clk 01:31:14]} {[%emt 00:00:26]} cxd4
{[%clk 01:31:31]} {[%emt 00:00:11]} 5. Nxd4 {[%clk 01:31:23]} {[%emt 00:00:21]}
Ngf6 {[%clk 01:31:04]} {[%emt 00:00:57]} 6. O-O {[%clk 01:31:10]} {[%emt
00:00:43]} a6 {[%clk 01:29:42]} {[%emt 00:01:52]} 7. Bd3 {[%clk 01:31:24]}
{[%emt 00:00:16]} Nc5 {[%clk 01:29:35]} {[%emt 00:00:37]} 8. Nc3 {[%clk
01:30:49]} {[%emt 00:01:05]} g6 {[%clk 01:26:44]} {[%emt 00:03:21]} 9. Re1
{[%clk 01:28:33]} {[%emt 00:02:46]} Bg7 {[%clk 01:22:11]} {[%emt 00:05:03]} 10.
Bf1 {[%clk 01:27:57]} {[%emt 00:01:05]} O-O {[%clk 01:20:34]} {[%emt 00:02:08]}
11. a4 {[%clk 01:27:18]} {[%emt 00:01:10]} Bd7 {[%clk 01:19:18]} {[%emt
00:01:45]} 12. Ra3 {[%clk 01:14:05]} {[%emt 00:13:43]} Rc8 {[%clk 01:18:08]}
{[%emt 00:01:40]} 13. b4 {[%clk 01:12:03]} {[%emt 00:02:32]} Ne6 {[%clk
01:15:31]} {[%emt 00:03:07]} 14. Nxe6 {[%clk 01:09:20]} {[%emt 00:03:13]} Bxe6
{[%clk 01:15:54]} {[%emt 00:00:07]} 15. Nd5 {[%clk 01:04:49]} {[%emt 00:05:01]}
a5 {[%clk 01:02:51]} {[%emt 00:13:34]} 16. bxa5 {[%clk 00:51:52]} {[%emt
01:13:38]} Bxd5 {[%clk 01:01:47]} {[%emt 00:01:34]} 17. exd5 {[%clk 00:52:12]}
{[%emt 00:00:09]} Rc5 {[%clk 01:02:12]} {[%emt 00:00:06]} 18. c4 {[%clk
00:49:25]} {[%emt 00:03:16]} Rxa5 {[%clk 01:00:28]} {[%emt 00:02:14]} 19. Bd2
{[%clk 00:39:17]} {[%emt 00:10:37]} Ra7 {[%clk 00:56:27]} {[%emt 00:04:32]} 20.
Be3 {[%clk 00:28:25]} {[%emt 00:11:23]} b6 {[%clk 00:54:04]} {[%emt 00:02:52]}
21. Qb3 {[%clk 00:26:29]} {[%emt 00:02:25]} Nd7 {[%clk 00:53:32]} {[%emt
00:01:02]} 22. Rb1 {[%clk 00:25:11]} {[%emt 00:01:49]} Qc7 {[%clk 00:39:52]}
{[%emt 00:14:10]} 23. Bxb6 {[%clk 00:17:47]} {[%emt 00:07:54]} Nxb6 {[%clk
00:40:13]} {[%emt 00:00:09]} 24. Qxb6 {[%clk 00:18:11]} {[%emt 00:00:06]} Qxb6
{[%clk 00:40:38]} {[%emt 00:00:06]} 25. Rxb6 {[%clk 00:18:37]} {[%emt
00:00:04]} Rfa8 {[%clk 00:41:02]} {[%emt 00:00:06]} 26. a5 {[%clk 00:16:46]}
{[%emt 00:02:21]} Rxa5 {[%clk 00:41:09]} {[%emt 00:00:24]} 27. Rxa5 {[%clk
00:17:02]} {[%emt 00:00:14]} Rxa5 {[%clk 00:41:35]} 28. Rb8+ {[%clk 00:17:26]}
{[%emt 00:00:10]} Bf8 {[%clk 00:42:00]} {[%emt 00:00:04]} 29. g3 {[%clk
00:16:09]} {[%emt 00:01:48]} f5 {[%clk 00:41:41]} {[%emt 00:00:48]} 30. Kg2
{[%clk 00:14:39]} {[%emt 00:02:01]} Kf7 {[%clk 00:40:54]} {[%emt 00:01:16]} 31.
Rb5 {[%clk 00:14:34]} {[%emt 00:00:35]} Ra3 {[%clk 00:39:06]} {[%emt 00:02:19]}
32. c5 {[%clk 00:14:20]} {[%emt 00:00:43]} dxc5 {[%clk 00:38:55]} {[%emt
00:00:10]} 1/2-1/2

[Event "World Cup 2023"]
[Site "Baku, Azerbaijan"]
[Date "2023.08.02"]
[Round "11.16"]
[White "Volokitin Andrei (UKR)"]
[Black "Vocaturo Daniele (ITA)"]
[Result "1/2-1/2"]
[WhiteFideId "14107090"]
[BlackFideId "813192"]
[WhiteElo "2674"]
[BlackElo "2609"]

1. d4 {[%clk 01:30:57]} {[%emt 00:00:03]} Nf6 {[%clk 01:30:28]} {[%emt
00:00:32]} 2. c4 {[%clk 01:31:22]} {[%emt 00:00:06]} g6 {[%clk 01:29:05]}
{[%emt 00:01:53]} 3. Nc3 {[%clk 01:31:45]} {[%emt 00:00:06]} d5 {[%clk
01:29:18]} {[%emt 00:00:18]} 4. cxd5 {[%clk 01:32:00]} {[%emt 00:00:15]} Nxd5
{[%clk 01:29:42]} {[%emt 00:00:06]} 5. e4 {[%clk 01:32:25]} {[%emt 00:00:05]}
Nxc3 {[%clk 01:30:01]} {[%emt 00:00:11]} 6. bxc3 {[%clk 01:32:50]} {[%emt
00:00:04]} Bg7 {[%clk 01:30:10]} {[%emt 00:00:21]} 7. Bc4 {[%clk 01:33:06]}
{[%emt 00:00:15]} c5 {[%clk 01:28:59]} {[%emt 00:01:41]} 8. Ne2 {[%clk
01:33:30]} {[%emt 00:00:06]} Nc6 {[%clk 01:28:37]} {[%emt 00:00:52]} 9. Be3
{[%clk 01:33:50]} {[%emt 00:00:10]} O-O {[%clk 01:28:39]} {[%emt 00:00:28]} 10.
O-O {[%clk 01:34:15]} {[%emt 00:00:05]} e6 {[%clk 01:27:15]} {[%emt 00:01:54]}
11. Rc1 {[%clk 01:17:15]} {[%emt 00:17:30]} Qe7 {[%clk 01:25:59]} {[%emt
00:01:46]} 12. Bb5 {[%clk 00:53:51]} {[%emt 00:23:54]} Rd8 {[%clk 01:14:48]}
{[%emt 00:11:40]} 13. Bxc6 {[%clk 00:39:21]} {[%emt 01:15:12]} bxc6 {[%clk
01:15:13]} {[%emt 00:00:05]} 14. Qa4 {[%clk 00:39:47]} {[%emt 00:00:04]} cxd4
{[%clk 01:04:34]} {[%emt 00:11:08]} 15. cxd4 {[%clk 00:39:56]} {[%emt
00:00:21]} a5 {[%clk 01:04:58]} {[%emt 00:00:06]} 16. Rfd1 {[%clk 00:26:31]}
{[%emt 00:13:55]} Ba6 {[%clk 01:02:16]} {[%emt 00:03:12]} 17. Nc3 {[%clk
00:26:46]} {[%emt 00:00:16]} Qb4 {[%clk 00:57:06]} {[%emt 00:05:40]} 18. a3
{[%clk 00:20:14]} {[%emt 00:07:02]} Qxa4 {[%clk 00:49:27]} {[%emt 00:08:08]} 19.
Nxa4 {[%clk 00:20:42]} {[%emt 00:00:02]} Bb5 {[%clk 00:49:35]} {[%emt
00:00:21]} 20. Nc5 {[%clk 00:18:40]} {[%emt 00:02:33]} a4 {[%clk 00:49:57]}
{[%emt 00:00:08]} 21. Nb7 {[%clk 00:17:22]} {[%emt 00:01:48]} Rd7 {[%clk
00:49:02]} {[%emt 00:01:26]} 22. Nc5 {[%clk 00:17:48]} {[%emt 00:00:04]} Rdd8
{[%clk 00:49:09]} {[%emt 00:00:23]} 23. Nb7 {[%clk 00:08:19]} {[%emt 00:09:59]}
Rd7 {[%clk 00:48:59]} {[%emt 00:00:40]} 24. Nc5 {[%clk 00:08:42]} {[%emt
00:00:07]} Rdd8 {[%emt 00:01:43]} 1/2-1/2

[Event "World Cup 2023"]
[Site "Baku, Azerbaijan"]
[Date "2023.08.02"]
[Round "11.17"]
[White "Paravyan David (FID)"]
[Black "Bluebaum Matthias (GER)"]
[Result "1/2-1/2"]
[WhiteFideId "4194985"]
[BlackFideId "24651516"]
[WhiteElo "2612"]
[BlackElo "2672"]

1. e4 {[%clk 01:30:57]} {[%emt 00:00:02]} c6 {[%clk 01:30:51]} {[%emt
00:00:10]} 2. d4 {[%clk 01:31:21]} {[%emt 00:00:06]} d5 {[%clk 01:31:16]}
{[%emt 00:00:04]} 3. e5 {[%clk 01:31:45]} {[%emt 00:00:05]} c5 {[%clk
01:31:31]} {[%emt 00:00:17]} 4. Nf3 {[%clk 01:32:08]} {[%emt 00:00:07]} cxd4
{[%clk 01:31:53]} {[%emt 00:00:08]} 5. Nxd4 {[%clk 01:32:33]} {[%emt 00:00:05]}
Nc6 {[%clk 01:32:18]} {[%emt 00:00:04]} 6. Nxc6 {[%clk 01:32:57]} {[%emt
00:00:04]} bxc6 {[%clk 01:32:44]} {[%emt 00:00:07]} 7. Bd3 {[%clk 01:33:12]}
{[%emt 00:00:14]} e6 {[%clk 01:32:58]} {[%emt 00:00:17]} 8. O-O {[%clk
01:33:27]} {[%emt 00:00:14]} Ne7 {[%clk 01:33:07]} {[%emt 00:00:21]} 9. Nd2
{[%clk 01:33:53]} {[%emt 00:00:05]} a5 {[%clk 01:33:33]} {[%emt 00:00:04]} 10.
Nf3 {[%clk 01:34:17]} {[%emt 00:00:05]} Ba6 {[%clk 01:33:31]} {[%emt 00:00:33]}
11. Bd2 {[%clk 01:34:18]} {[%emt 00:00:30]} Ng6 {[%clk 01:28:19]} {[%emt
00:05:41]} 12. Qe2 {[%clk 01:17:12]} {[%emt 00:17:36]} Bxd3 {[%clk 01:12:43]}
{[%emt 00:16:06]} 13. cxd3 {[%clk 01:15:01]} {[%emt 00:02:41]} c5 {[%clk
01:02:34]} {[%emt 00:10:40]} 14. Rac1 {[%clk 01:05:57]} {[%emt 00:09:34]} Be7
{[%clk 00:50:59]} {[%emt 01:12:16]} 15. g3 {[%clk 00:57:13]} {[%emt 00:09:13]}
Qb6 {[%clk 00:44:41]} {[%emt 00:06:48]} 16. Rc2 {[%clk 00:33:13]} {[%emt
00:24:31]} f5 {[%clk 00:26:34]} {[%emt 00:18:37]} 17. h4 {[%clk 00:24:07]}
{[%emt 00:09:36]} h6 {[%clk 00:23:41]} {[%emt 00:03:23]} 18. d4 {[%clk
00:23:34]} {[%emt 00:01:03]} c4 {[%clk 00:20:01]} {[%emt 00:04:10]} 19. b3
{[%clk 00:22:32]} {[%emt 00:01:32]} cxb3 {[%clk 00:17:56]} {[%emt 00:02:35]} 20.
axb3 {[%clk 00:22:42]} {[%emt 00:00:21]} O-O {[%clk 00:14:49]} {[%emt
00:03:37]} 21. h5 {[%clk 00:17:39]} {[%emt 00:05:32]} Nh8 {[%clk 00:15:17]}
{[%emt 00:00:02]} 22. Qd3 {[%clk 00:12:36]} {[%emt 00:05:33]} Rfc8 {[%clk
00:13:24]} {[%emt 00:02:23]} 23. Rxc8+ {[%clk 00:10:21]} {[%emt 00:02:45]} Rxc8
{[%clk 00:13:52]} {[%emt 00:00:01]} 24. Ra1 {[%clk 00:10:46]} {[%emt 00:00:06]}
Ra8 {[%clk 00:08:46]} {[%emt 00:05:36]} 25. Ra4 {[%clk 00:09:00]} {[%emt
00:02:15]} Ra7 {[%clk 00:09:08]} {[%emt 00:00:09]} 26. Qc3 {[%clk 00:05:24]}
{[%emt 00:04:06]} Nf7 {[%clk 00:08:50]} {[%emt 00:00:48]} 27. Kg2 {[%clk
00:05:44]} {[%emt 00:00:09]} Nd8 {[%clk 00:08:10]} {[%emt 00:01:11]} 28. Rxa5
{[%clk 00:04:15]} {[%emt 00:01:59]} Rxa5 {[%clk 00:08:33]} {[%emt 00:00:07]} 29.
Qxa5 {[%clk 00:04:42]} {[%emt 00:00:03]} Qxb3 {[%clk 00:08:59]} {[%emt
00:00:04]} 30. Qc7 {[%clk 00:03:00]} {[%emt 00:02:12]} Kf7 {[%clk 00:07:43]}
{[%emt 00:01:46]} 31. Ba5 {[%clk 00:01:45]} {[%emt 00:01:43]} Qb7 {[%clk
00:05:16]} {[%emt 00:02:59]} 32. Qc2 {[%clk 00:02:02]} {[%emt 00:00:11]} Nc6
{[%clk 00:05:13]} {[%emt 00:00:35]} 33. Bd2 {[%clk 00:02:24]} {[%emt 00:00:07]}
Qb5 {[%clk 00:03:32]} {[%emt 00:02:13]} 34. Be3 {[%clk 00:00:37]} {[%emt
00:02:16]} Nb4 {[%clk 00:03:18]} {[%emt 00:00:44]} 35. Qc7 {[%clk 00:00:43]}
{[%emt 00:00:24]} Qc6 {[%clk 00:02:13]} {[%emt 00:01:35]} 36. Qb8 {[%clk
00:00:39]} {[%emt 00:00:33]} Nc2 {[%clk 00:01:53]} {[%emt 00:00:51]} 37. Qb2
{[%clk 00:00:34]} {[%emt 00:00:35]} Nxe3+ {[%clk 00:01:29]} {[%emt 00:00:54]}
1/2-1/2

[Event "World Cup 2023"]
[Site "Baku, Azerbaijan"]
[Date "2023.08.02"]
[Round "11.18"]
[White "Donchenko Alexander (GER)"]
[Black "Bartel Mateusz (POL)"]
[Result "1/2-1/2"]
[WhiteFideId "24603295"]
[BlackFideId "1112635"]
[WhiteElo "2668"]
[BlackElo "2614"]

1. d4 {[%clk 01:30:57]} {[%emt 00:00:02]} d5 {[%clk 01:30:46]} {[%emt
00:00:14]} 2. c4 {[%clk 01:31:14]} {[%emt 00:00:14]} e6 {[%clk 01:31:10]}
{[%emt 00:00:06]} 3. Nf3 {[%clk 01:31:09]} {[%emt 00:00:35]} Nf6 {[%clk
01:31:25]} {[%emt 00:00:14]} 4. Nc3 {[%clk 01:31:24]} {[%emt 00:00:15]} Be7
{[%clk 01:31:46]} {[%emt 00:00:08]} 5. g3 {[%clk 01:29:33]} {[%emt 00:02:21]}
O-O {[%clk 01:24:10]} {[%emt 00:08:06]} 6. Bg2 {[%clk 01:29:28]} {[%emt
00:00:36]} dxc4 {[%clk 01:24:28]} {[%emt 00:00:11]} 7. Ne5 {[%clk 01:28:44]}
{[%emt 00:01:14]} c5 {[%clk 01:24:23]} {[%emt 00:00:35]} 8. dxc5 {[%clk
01:28:49]} {[%emt 00:00:25]} Qxd1+ {[%clk 01:24:44]} {[%emt 00:00:09]} 9. Nxd1
{[%clk 01:29:13]} {[%emt 00:00:05]} Bxc5 {[%clk 01:25:05]} {[%emt 00:00:09]} 10.
O-O {[%clk 01:24:15]} {[%emt 00:05:29]} Nd5 {[%clk 01:21:07]} {[%emt 00:04:26]}
11. Ne3 {[%clk 01:19:50]} {[%emt 00:04:57]} Nc6 {[%clk 01:07:12]} {[%emt
00:14:25]} 12. N3xc4 {[%clk 01:10:37]} {[%emt 00:09:43]} Nxe5 {[%clk 00:52:17]}
{[%emt 00:15:24]} 13. Nxe5 {[%clk 01:11:00]} {[%emt 00:00:08]} b6 {[%clk
00:51:26]} {[%emt 01:01:32]} 14. Rd1 {[%clk 01:00:36]} {[%emt 00:10:53]} Ba6
{[%clk 00:50:29]} {[%emt 00:01:27]} 15. Nd7 {[%clk 00:57:26]} {[%emt 00:03:40]}
Rfd8 {[%clk 00:50:10]} {[%emt 00:00:49]} 16. Nxc5 {[%clk 00:57:05]} {[%emt
00:00:51]} bxc5 {[%clk 00:50:20]} {[%emt 00:00:20]} 17. Bf3 {[%clk 00:49:11]}
{[%emt 00:08:25]} Rab8 {[%clk 00:36:00]} {[%emt 00:14:49]} 18. a3 {[%clk
00:31:12]} {[%emt 00:18:30]} Rb3 {[%clk 00:28:02]} {[%emt 00:08:28]} 19. Kg2
{[%clk 00:25:50]} {[%emt 00:05:52]} Rc8 {[%clk 00:27:47]} {[%emt 00:00:44]} 20.
Rd2 {[%clk 00:24:50]} {[%emt 00:01:31]} c4 {[%clk 00:17:50]} {[%emt 00:10:26]}
21. Rc2 {[%clk 00:23:43]} {[%emt 00:01:37]} f5 {[%clk 00:17:12]} {[%emt
00:01:09]} 22. Bd2 {[%clk 00:20:33]} {[%emt 00:03:39]} Rcb8 {[%clk 00:16:27]}
{[%emt 00:01:15]} 23. Bxd5 {[%clk 00:19:34]} {[%emt 00:01:29]} exd5 {[%clk
00:16:41]} {[%emt 00:00:16]} 24. Bc3 {[%clk 00:19:58]} {[%emt 00:00:06]} Bb7
{[%clk 00:14:45]} {[%emt 00:02:26]} 25. f3 {[%clk 00:19:39]} {[%emt 00:00:49]}
Re8 {[%clk 00:14:57]} {[%emt 00:00:19]} 26. Rd1 {[%clk 00:15:58]} {[%emt
00:04:10]} Rb6 {[%clk 00:13:51]} {[%emt 00:01:35]} 27. Bd4 {[%clk 00:12:56]}
{[%emt 00:03:33]} Rbe6 {[%clk 00:14:13]} {[%emt 00:00:08]} 28. Kf2 {[%clk
00:13:07]} {[%emt 00:00:19]} a5 {[%clk 00:13:08]} {[%emt 00:01:35]} 29. Re1
{[%clk 00:11:02]} {[%emt 00:02:35]} a4 {[%clk 00:13:15]} {[%emt 00:00:23]} 30.
Rc3 {[%clk 00:10:42]} {[%emt 00:00:50]} Kf7 {[%clk 00:13:08]} {[%emt 00:00:36]}
31. Re3 {[%clk 00:10:21]} {[%emt 00:00:52]} g5 {[%clk 00:10:58]} {[%emt
00:02:40]} 32. Rh1 {[%clk 00:09:14]} {[%emt 00:01:37]} g4 {[%clk 00:04:22]}
{[%emt 00:07:06]} 33. Rxe6 {[%clk 00:03:01]} {[%emt 00:06:44]} Rxe6 {[%clk
00:04:49]} {[%emt 00:00:02]} 34. h4 {[%clk 00:02:56]} gxh3 {[%clk 00:05:16]}
{[%emt 00:00:38]} 35. Rxh3 {[%clk 00:03:00]} {[%emt 00:00:27]} Kg6 {[%clk
00:05:43]} {[%emt 00:00:02]} 36. Ke1 {[%clk 00:01:32]} {[%emt 00:01:57]} h5
{[%clk 00:05:43]} {[%emt 00:00:30]} 37. Kd2 {[%clk 00:01:52]} {[%emt 00:00:11]}
Bc8 {[%clk 00:04:52]} {[%emt 00:01:21]} 38. Rh2 {[%clk 00:01:49]} {[%emt
00:00:33]} Re7 {[%clk 00:05:08]} {[%emt 00:00:14]} 39. Kc3 {[%clk 00:01:14]}
{[%emt 00:01:05]} Rb7 {[%clk 00:05:22]} {[%emt 00:00:15]} 40. Rh1 {[%clk
00:01:12]} {[%emt 00:00:32]} Rb3+ {[%clk 00:04:51]} {[%emt 00:01:00]} 41. Kd2
{[%clk 00:29:12]} {[%emt 00:02:31]} Rb7 {[%clk 00:33:41]} {[%emt 00:01:40]} 42.
Rc1 {[%clk 00:27:22]} {[%emt 00:02:20]} Re7 {[%clk 00:29:41]} {[%emt 00:04:29]}
43. Re1 {[%clk 00:26:22]} {[%emt 00:01:31]} Bd7 {[%clk 00:28:03]} {[%emt
00:02:08]} 44. Kc3 {[%clk 00:23:45]} {[%emt 00:03:07]} Be8 {[%clk 00:28:10]}
{[%emt 00:00:23]} 45. Bc5 {[%clk 00:22:16]} {[%emt 00:02:00]} Rb7 {[%clk
00:28:24]} {[%emt 00:00:15]} 46. Bb4 {[%clk 00:22:15]} {[%emt 00:00:31]} Kf6
{[%clk 00:27:09]} {[%emt 00:01:44]} 47. Kd4 {[%clk 00:18:18]} {[%emt 00:04:28]}
Bf7 {[%clk 00:24:31]} {[%emt 00:03:07]} 48. Rf1 {[%clk 00:15:28]} {[%emt
00:03:21]} Rb8 {[%clk 00:21:53]} {[%emt 00:03:08]} 49. e4 {[%clk 00:11:25]}
{[%emt 00:04:33]} dxe4 {[%emt 00:00:45]} 50. fxe4 {[%clk 00:11:52]} {[%emt
00:00:03]} Rb5 {[%clk 00:20:34]} {[%emt 00:01:35]} 51. Bc3 {[%clk 00:05:27]}
{[%emt 00:06:55]} Kg6 {[%clk 00:19:14]} {[%emt 00:01:49]} 52. Ke3 {[%clk
00:05:43]} {[%emt 00:00:14]} Be6 {[%clk 00:19:34]} {[%emt 00:00:09]} 53. Rf4
{[%clk 00:05:45]} {[%emt 00:00:30]} Kg5 {[%clk 00:19:40]} {[%emt 00:00:23]} 54.
exf5 {[%clk 00:05:24]} {[%emt 00:00:52]} Rxf5 {[%clk 00:20:00]} {[%emt
00:00:10]} 55. Rxf5+ {[%clk 00:05:47]} {[%emt 00:00:07]} 1/2-1/2